000 00862cam a22002413a 4500
001 14377
003 PGUSA
005 20140828083316.0
008 041218s2004||||xxu|||||s|||||000 | eng d
040 _aPGUSA
_beng
042 _adc
050 4 _aTX
100 1 _aWoolley, Hannah
245 1 4 _aThe Queen-like Closet or Rich Cabinet :
_bStored with all manner of rare receipts for preserving, candying and cookery. Very pleasant and beneficial to all ingenious persons of the female sex
_h[electronic resource] /
_cHannah Woolley
260 _bProject Gutenberg,
_c2004
506 _aPublic domain in the USA.
516 _aElectronic text
653 _aCooking, English -- Early works to 1800
653 _aMedicine, Popular -- Early works to 1800
830 0 _aProject Gutenberg
_v14377
856 4 0 _uhttp://www.gutenberg.org/ebooks/14377
942 _cEB
999 _c243632
_d243632